Botánica

Saved in:
Bibliografiske detaljer
Hovedforfatter: Jordan, Michael (Author)
Format: Bog
Sprog:spansk
Udgivet: Barcelona Martínez Roca 1991
Serier:Guía Práctica Para el Aficionado
Fag:
Tags: Tilføj Tag
Ingen Tags, Vær først til at tagge denne postø!

MARC

LEADER 00000nam a2200000 a 4500
001 UCU4494
003 CL-VaPUC
008 960524e19910000SP |||||||||||||||||spa|d
082 0 4 |a 581  |b JOR  |2 21 
100 0 |a Jordan, Michael  |e author  |9 362072 
245 1 0 |a Botánica 
300 |a 160 p 
942 |c BK 
945 |d 19960524 00:00:00  |a mcarcey 
260 |a Barcelona  |b Martínez Roca  |c 1991 
650 0 |a Botánica  |9 264202 
650 0 |a Plantas  |9 264555 
650 0 |a Árboles  |9 264746 
650 0 |a Flores  |9 310803 
650 0 |a Vegetación  |9 264748 
650 0 |a Hongos  |9 261629 
650 0 |a Vereales  |9 362073 
650 0 |a Malezas  |9 264171 
650 7 |a FITOGEOGRAFIA  |2 CL-VaPUC  |9 264646 
650 0 |a Jardines  |9 268264 
583 |a last modification  |c 19960524 00:00:00  |k Rodrigo Vera 
490 0 |a Guía Práctica Para el Aficionado 
999 |c 248187  |d 248185 
952 |0 0  |1 0  |4 0  |6 581_000000000000000_JOR_1991  |7 0  |8 A  |9 264637  |a BIBEDU  |b BIBEDU  |d 2019-11-19  |i 3203425  |l 2  |o 581 JOR 1991  |p 3203425  |r 2022-05-20  |s 2022-05-20  |w 2019-11-19  |y BK  |k EPE